00451 a2200169 450000500170000001000130001702000260003003500130005603700090006908200060007810000170008424500430010126000490014427000630019330000220025670000030027820240520113130.0 aB-759108 a9780143332626c299.00 aB-759108 bGift aS aBond, Ruskin aUncle ,Aunts & Elephants/cRuskin Bond aGurgaonbPenguin Books India Pvt. Ltdc2014 a7th Floor Infinity Tower C,DLF Cyber CitybGurgaone122002 a240 p.c19 cm(Pb)